| 000 | 00524nam a2200205Ia 4500 | ||
|---|---|---|---|
| 001 | 7074 | ||
| 003 | GE_BSU | ||
| 008 | 181216s||||||||xx |||||||||||||| ||und|| | ||
| 040 | _cGE_BSU | ||
| 080 | _a519.85(075.3) | ||
| 100 | _aАнтипов,И.Н. | ||
| 245 | _aПрограммирование | ||
| 245 | _cРед. Уманский Г.С. | ||
| 260 | _aМосква | ||
| 260 | _bПросвещение | ||
| 260 | _c1976 | ||
| 300 | _a174стр. 22см. | ||
| 653 | _aПрограммирование | ||
| 942 | _cBK | ||
| 999 |
_c40464 _d40464 |
||